01446nam a22002537a 4500952010600000952010100106999001700207008004100224020001800265050002600283100004200309245007500351250001800426260003800444300003600482336001000518337001400528338001200542500007900554505043400633519008101067650003701148942000701185 00102lcc4070a07b07d0000-00-00l0oHF5681.B2 M377 2011p07 004162r2013-08-29t1w2013-08-29yLB 00104070a03b03d2016-02-29l0oHF5681.B2 M377 2011p03 008924r2016-02-29t2w2016-02-29yLB c90665d90665130829s2011 mx a|||| |||| 00| 0 spa d a978607150599604aHF5681.B2 bM377 2011 aMartínez Castillo, Aurelianoeautor10aConsolidación de estados financierosc / Aureliano Martinez Castillo a3a. edición aMéxicob : McGraw -Hillc, 2011 a461 páginasb : ilustraciones atexto asin medio avolumen aIncluye: glosario (pp.439-448) Incluye: índice analítico (pp.449-461)  aCrecimiento empresarial Formación de grupos empresariales Decisiones con base en información financiera Inversiones en instrumentos financieros de deuda y de capital Consolidación de estados financieros Asientos de consolidación MArco financiero de las transacciones con monedas extranjeras Procedimientos para el registro contable de las transacciones con monedas extranjeras y la conversión de operaciones extranjeras aPlan Flexible /bContaduría / cEstados Financieros (P15-2) /d(03 008924)10aESTADOS FINANCIEROS CONSOLIDADOS cLB